00422nam a22001452 4500001001100000005001700011008004100028020002700069040001500096100002900111245004700140260003100187300001700218650004100235000000702220151217152020.0071108s xx 000 0 eng d a0198530838 :cKES 5230 aKABUcKABU1 aOrton, John.@000015804214aThe Story of semiconductors /cJohn Orton. aOxford :bO. U. P.,c2004. axii, 510 p. 0aSemiconductorsxHistory.@0000158043